[Event "Chefchaouen op"]
[Site "Chefchaouen"]
[Date "2022.10.24"]
[Round "2"]
[White "Nebkhout, Omar Ben Najib"]
[Black "Lameti, Mohamed"]
[Result "0-1"]
[WhiteElo "1513"]
[BlackElo "1852"]
[PlyCount "118"]
[EventDate "2022.10.23"]
[EventType "swiss"]
[EventRounds "7"]
[EventCountry "MAR"]
[SourceTitle "EXT 2024"]
[Source "ChessBase"]
[SourceDate "2023.10.10"]
[SourceVersion "1"]
[SourceVersionDate "2023.10.10"]
[SourceQuality "1"]

1. d4 Nf6 2. c4 g6 3. Nc3 Bg7 4. g3 0-0 5. Bg2 d6 6. Qb3 Nbd7 7. Nf3 c5 8. d5 a6 9. 0-0 Rb8 10. a4 Ng4 11. Nd1 Nge5 12. Re1 Nxf3+ 13. exf3 Re8 14. Bg5 h6 15. Bf4 g5 16. Bd2 e5 17. Nc3 f5 18. Re2 Nf6 19. Rae1 Bd7 20. Qa3 Qc7 21. b3 b5 22. Nd1 bxc4 23. bxc4 Qb7 24. Ba5 Rec8 25. Rb2 Qa7 26. Ree2 Rxb2 27. Rxb2 Rb8 28. Nc3 Rb7 29. Bf1 Qb8 30. Rxb7 Qxb7 31. Bg2 Ne8 32. h3 Nf6 33. Kh2 h5 34. Qc1 f4 35. Qc2 Qc8 36. Qg6 fxg3+ 37. fxg3 g4 38. fxg4 hxg4 39. h4 Bf5 40. Qg5 Bh7 41. Qc1 Qb7 42. Qg5 Qf7 43. Bd8 Qg6 44. Bxf6 Bxf6 45. Qd2 Qd3 46. Qb2 e4 47. Qb8+ Kf7 48. Qc7+ Be7 49. Qc8 Qxc3 50. Qe6+ Kf8 51. Qc8+ Kg7 52. Qxg4+ Kh8 53. Qc8+ Bg8 54. Qe8 Qe5 55. Qg6 Qg7 56. Bxe4 Bh7 57. Qe6 Qe5 58. Qc8+ Kg7 59. Qxa6 Bxe4 0-1